Kluby, które wygrają 10 następnych Lig Mistrzów według Chat GPT - Statystyki

Ogólne statystyki
  • Ten quiz został rozwiązany 122 razy
  • Średni wynik to 7 z 11
Statystyki odpowiedzi
Rok Odpowiedź % Poprawnych
2026 Real Madryt
95%
2034 Real Madryt
95%
2030 Barcelona
85%
2028 Arsenal
82%
2027 Bayern Monachium
82%
2032 Liverpool
71%
2031 Manchester City
69%
2035 Manchester United
63%
2033 Inter Mediolan
60%
2029 Paris Saint-Germain
20%
2036 RB Lipsk
6%
Nie znaleziono quizów pasujących do podanych kryteriów
Rozkład punktacji
Procent ludzi z każdym wynikiem
Percentyl według liczby udzielonych odpowiedzi
Twoja historia wyników
Nie rozwiązałeś tego quizu